Перейти до змісту

История и философия химии учебное пособие для вузов

Книга представляет собой последовательное изложение курса истории и философии химии. Тщательно анализируется статус принципов, законов, аппроксимаций, моделей, эксперимента, референции. Рассматриваются онтологические, эпистемологические, методологические, этические, эстетические, трансдициплинарные...

Повний опис

Збережено в:
Бібліографічні деталі
Автор: Канке В. А.
Формат: Книга
Мова:Russian
Опубліковано: Москва НИЯУ МИФИ 2011
Онлайн доступ:http://e.lanbook.com/books/element.php?pl1_id=75980
https://e.lanbook.com/img/cover/book/75980.jpg
Теги: Додати тег
Немає тегів, Будьте першим, хто поставить тег для цього запису!
LEADER 02275nam0a2200265 i 4500
001 75980
003 RuSpLAN
005 20221220173950.0
008 221220s2011 ru gs 000 0 rus
040 |a RuSpLAN 
041 0 |a rus 
044 |a ru 
080 |a 16.54 
084 |a 87.24  |2 rubbk 
245 0 0 |a История и философия химии  |b учебное пособие для вузов  |c Канке В. А. 
260 |a Москва  |b НИЯУ МИФИ  |c 2011 
300 |a 232 с. 
500 |a Рекомендовано УМО «Ядерные физика и технологии» в качестве учебного пособия для студентов высших учебных заведений 
504 |a Библиогр.: доступна в карточке книги, на сайте ЭБС Лань 
520 8 |a Книга представляет собой последовательное изложение курса истории и философии химии. Тщательно анализируется статус принципов, законов, аппроксимаций, моделей, эксперимента, референции. Рассматриваются онтологические, эпистемологические, методологические, этические, эстетические, трансдициплинарные аспекты философии химии. Большое значение придается новейшим концепциям философии химии. Пособие предназначено для студентов, аспирантов, философов, ученых, широких кругов читателей, всех, кто интересуется новейшими достижениями философии химии. Подготовлено в рамках Программы создания и развития НИЯУ МИФИ 
521 8 |a Книга из коллекции НИЯУ МИФИ - Химия 
100 1 |a Канке В. А. 
856 4 |u http://e.lanbook.com/books/element.php?pl1_id=75980 
856 4 8 |u https://e.lanbook.com/img/cover/book/75980.jpg 
953 |a https://e.lanbook.com/img/cover/book/75980.jpg